书目信息 |
| 题名: |
莎士比亚全集
|
|
| 作者: | 莎士比亚 著 ;梁实秋 译 | |
| 分册: | 第一集 | |
| 出版信息: | 北京 中国广播电视出版社 1995 |
|
| 页数: | 472页 | |
| 开本: | 20cm | |
| 丛书名: | ||
| 单 册: | ||
| 中图分类: | I561.1 | |
| 科图分类: | ||
| 主题词: | 文学 | |
| 电子资源: | ||
| ISBN: | 7-5043-2708-5 | |
| 000 | 00635nam0 2200205 450 | |
| 001 | 0660771405 | |
| 005 | 20061112165436.28 | |
| 010 | @a7-5043-2708-5@b精装@dCNY22.00 | |
| 100 | @a20061112d1995 km y0chiy0120 ea | |
| 101 | 0 | @achi |
| 102 | @aCN@b110000 | |
| 200 | 1 | @a莎士比亚全集@Asha shi bi ya quan ji@h第一集@f(英)莎士比亚著@F(ying)sha shi bi ya zhu@g梁实秋译@Gliang shi qiu yi |
| 210 | @a北京@c中国广播电视出版社@d1995 | |
| 215 | @a472页@d20cm | |
| 606 | 0 | @a文学 |
| 690 | @aI561.1@v3 | |
| 701 | 0 | @a莎士比亚@Asha shi bi ya@4著 |
| 702 | 0 | @a梁实秋@Aliang shi qiu@4译 |
| 801 | 0 | @aCN@bPFT@c20061112 |
| 905 | @a10447@dI561.1@e125:1-2 | |
| 莎士比亚全集.第一集/(英)莎士比亚著/梁实秋译.-北京:中国广播电视出版社,1995 |
| 472页;20cm |
| ISBN 7-5043-2708-5(精装):CNY22.00 |
| ● |
| 相关链接 |
|
|
|
|
正题名:莎士比亚全集
索取号:I561.1/125:1-2
 
预约/预借
| 序号 | 登录号 | 条形码 | 馆藏地/架位号 | 状态 | 备注 |
| 1 | 0271723 | 000680935 | 第一样本阅览室/ [索取号:I561.1/125:1-2] | 在馆 |